Dinozaury, gady i płazy prehistoryczne - Statystyki

Ogólne statystyki
  • Ten quiz został rozwiązany 141 razy
    135 od ostatniego zresetowania
  • Średni wynik to 7 z 27
Statystyki odpowiedzi
Opis Podrząd Epoka Pożywienie Długość Siedlisko Zwierzę % Poprawnych
Największy dinozaur jaki kiedykolwiek istniał. Zauropody Kreda Rośliny 40 m Prawdopodobnie rzadkie lasy Argentynozaur
92%
Jeden z najbardziej znanych morskich gadów. - Kreda Ryby, żółwie, skorupiaki 10 - 15 m Morza i oceany Mozazaur
75%
Chodził na dwóch łapach. Słynie ze swoich kciuków. Ornitopody Kreda Rośliny 10 m Lasy Iguanodon
63%
Jeden z najmniejszych znanych dinozaurów. Celurozaury Jura Małe gady, ssaki i owady 1 m Prawdopodobnie polany, stepy, półpustynie Kompsognat
56%
Duży dinozaur z wielkimi szponami na przednich kończynach Maniraptory Kreda Nie wiadomo 12 m Prawdopodobnie rzadkie lasy Terizinozaur
54%
Największy z dromeozaurów. Miał wielkie szpony, dochodzące do długości nawet 40 cm. Maniraptory Kreda Małe dinozaury 6,5 m Prawdopodobnie stepy i tereny półpustynne Utahraptor
51%
Średniej wielkości dinozaur, znany ze swojego kołnierza. Celofyzoidy Jura Mięso ok. 7 m Prawdopodobnie lasy Dilofozaur
48%
Największy z pterozaurów, wyglądający jak skrzyżowanie bociana z żyrafą Pterodaktyle Kreda Mięczaki, skorupiaki i padlina Rozpiętość skrzydeł: 12 m Rzeki Kecalkoatl
42%
Nazwa tego dinozaura znaczy dosłownie ,,Dobra Jaszczurza Matka". Ornitopody Kreda Rośliny 9 m Lasy, prawdopodobnie również stepy Majazaura
31%
Duży dinozaur z długą szyją i ogonem, jego nazwa sugeruje jego wielkość Zauropody Kreda Rośliny 20 m Rzadkie lasy Tytanozaur
25%
Mały gad latający z dużym dziobem. Ramfornychy Jura Ryby 1,4 m Nadmorskie klify Dimorfodon
24%
Najbardziej znany i jeden z największych plezjozaurów. Plesiosauroidea Kreda Ryby, głowonogi 14 m Morza i oceany Elasmozaur
21%
Jeden z najbardziej znanych dinozaurów w ogóle. Słynął ze swoich płyt kostnych na grzbiecie, które miały kształt pięciokąta oraz kolców na ogonie. Stegozaury Jura Rośliny 9 m Rzadkie lasy, niziny, tereny nadrzeczne Stegozaur
16%
Jeden z większych Teropodów, podobny do Spinozaura. W przeciwieństwie do niego nie posiadał on jednak "żagla". Tetanury Kreda Ryby, prawdopodobnie również padlina ok. 10 m Podmokłe, rzadkie lasy, rzeki Barionyks
13%
Duży dinozaur z rodziny Nodozaurów, jeden z najbardziej "opancerzonych" gatunków tych dinozaurów. Ankylozaury Kreda Rośliny 2,5 m Prawdopodobnie stepy, polany, półpustynie Gastonia
11%
Wielki morski gad, przypominający Mozazaura. Pliozaury Jura Gady morskie, szczególnie Ichtiozaury ok. 15 m Morza i oceany Liopleurodon
11%
Mógł chodzić zarówno na dwóch, jak i na czterech nogach. Najbardziej znany przedstawiciel Hadrozaurów. Słynął ze swojego grzebienia na głowie, dzięki któremu mógł wydawać różne dźwięki i się porozumiewać. Ornitopody Kreda Rośliny 10 m Rzadkie lasy Parazaurolof
10%
W przeciwieństwie do innych Ceratopsów, ten na swojej kryzie miał znacznie więcej znacznie większych kolców, również kolec na nosie był duży i osiągał ok. 60 cm. Ceratopsy Kreda Rośliny 5 m Prawdopodobnie rzadkie lasy, stepy, polany Styrakozaur
10%
Najbardziej znany pelikozaur, znany ze swojego grzebienia. - Perm Mięso 3,5 m Prawdopodobnie lasy Dimetrodon
9%
Najmniejszy znany dinozaur. Badania jego szczątków wykazały, że prawdopodobnie często przesiadywał w koronach drzew. Maniraptory Kreda Głównie małe ssaki 40 cm Lasy Mikroraptor
9%
Mały, ale zwinny Teropod. Polował w stadach, czasem nawet na większe dinozaury. Miał duże szpony. Maniraptory Kreda Inne dinozaury 3 m Rzadkie lasy, prawdopodobnie również stepy Deinonych
8%
Jeden z pierwszych płazów, który wyszedł na ląd. - Dewon Ryby i owady ok. 60 cm Jeziora, rzeki Akantostega
7%
Przypominał współczesne salamandry. Jego głowa była w ciekawym kształcie, przypominającym półksiężyc. - Perm - ok. 1 m Prawdopodobnie podmokłe lasy Diplocaulus
4%
Miał dwa rodzaje zębów, co też podkreśla jego nazwa: ,,Zęby naprawdę dwóch kształtów". Z przodu znajdowały się duże, ostre kły, z tyłu zaś mniejsze, każdy z trzema - pięcioma guzkami. Ramfornychy Trias Ryby, owady Rozpiętość skrzydeł: 1m Brzegi mórz, rzek, jezior Eudimorfodon
4%
Jeden z najstarszych gadów, wyglądał jak dzisiejsze jaszczurki. - Karbon Stawonogi ok. 20 cm Leśny podszyt Hylonomus
4%
Wielki, "gruby" gad, z licznymi wypustkami na ciele. - Perm Rośliny 2,5 m Prawdopodobnie podmokłe lasy Skutozaur
4%
Podobnie jak inne gatunki z jego rodziny, ten dinozaur miał na głowie "hełm" stworzony z grubych kości czaszki. Większy od spokrewnionego Pachycefalozaura. Ornitopody Kreda Rośliny 9 m Rzadkie lasy, prawdopodobnie stepy, łąki Stegoceras
4%
Nie znaleziono quizów pasujących do podanych kryteriów
Rozkład punktacji
Procent ludzi z każdym wynikiem
Percentyl według liczby udzielonych odpowiedzi
Twoja historia wyników
Nie rozwiązałeś tego quizu od ostatniego zresetowania